Plan general de ferrocarriles secundarios para Cataluña : formado por el Excmo. Instituto Agrícola Catalán de San Isidro formado por el Excmo. Instituto Agrícola Catalán de San Isidro
Descripción Física:
15 p. ; 24 cm
Materias:
Ferrocarrils -- Catalunya -- S. XX
MARC
| LEADER | 00000nam a2200000Ia 4500 | ||
|---|---|---|---|
| 001 | 18465 | ||
| 008 | 160829s1904 xx 000 0 cat d | ||
| 080 | |a 3199, exp. 2 | ||
| 245 | |a Plan general de ferrocarriles secundarios para Cataluña : |b formado por el Excmo. Instituto Agrícola Catalán de San Isidro | ||
| 260 | |a Barcelona : |b Imp. José Abadal, |c 1904 | ||
| 300 | |a 15 p. ; |c 24 cm | ||
| 650 | 0 | |a Ferrocarrils |z Catalunya |y S. XX |9 48272 | |
| 710 | 2 | |a Institut Agrícola Català de Sant Isidre |9 53078 | |
| 901 | |a Arxiu | ||
| 942 | |n 1 | ||
| 952 | |0 0 |1 0 |4 0 |6 3199_EXP_2 |7 1 |9 54437 |a Arxiu |b Arxiu |d 2016-12-01 |l 0 |o 3199, exp. 2 |p 18465 |r 2016-12-01 00:00:00 |w 2016-12-01 |y ARXIU | ||
| 999 | |c 58306 |d 58306 | ||